| 000 | 00496nam a22001697a 4500 | ||
|---|---|---|---|
| 003 | CEME | ||
| 005 | 20210628205710.0 | ||
| 008 | 210315b xxu||||| |||| 00| 0 eng d | ||
| 040 | _c. | ||
| 082 | _a297.1243 GLA | ||
| 100 |
_aGhulam Rasool Saeedy, Allama _976702 |
||
| 245 | _aSharah sahih muslim sahrif | ||
| 260 |
_aLAHORE _bFARID BOOK STALL _c1996 |
||
| 300 | _a1102P, 7 VOLS | ||
| 650 |
_aISLAM-HADITH-SHARAH SAHIH MUSLIM SAHRIF SAHIH MUSLIM SAHRIF MUSLIM SAHRIF _976703 |
||
| 942 |
_cBK _2ddc |
||
| 999 |
_c582048 _d582048 |
||